1470 1926 1386 1239 1741 1949 1965 1177 1249 1140 1384 1269 1015 1513 1630 1173 1235 1575 1114 1996 1340 1200 1939 1362 1714 1447 1675 1621 1875 1305 1723 1604 1578 1579 1993 1546 1518 1637 1123 1644 1501 1936 1807 1867 1691 1185 1650 1371 1968 1920 1524 1292 1212 1498 1928 1172 1233 1605 1665 1722 1643 1768 1696 1521 1088 1623 1906 1655 1845 1453 1295 1201 1733 1570 1277 1752 1198 1212 1659 1558 1173 1360 1096 1197 1168 1713 1274 1993 1719 1403 1854 1916 1675 1947 1862 1080 1686 1115 1456 BCNSPRNW ULIB Ver.6.0+V

เปลี่ยนเป็นภาษาไทย

Change to English
 แสดงรายละเอียดบรรณานุกรม
  กลับหน้าหลัก

Brief Record : Get Marc (ISO 2709) : E-mail record : QR code < ปิดหน้าต่าง
LEADER : 00000nam 2200000uu 4500
001    13399127169
003     ULIB
008    191018s2562||||th 000 0 tha d
020 ^- ^a9786168243039
050 ^- ^aนว.^bช499ห
100 0^ ^aชาณา,
245 10 ^aหัวใจปีศาจ /^cชาณา.
250 ^- ^aพิมพ์ครั้งที่ 2.
260 ^1 ^aกรุงเทพฯ :^bดีบุ๊คส์,^c2562.
300 ^- ^a416 หน้า.
945    ^p320^l0^i006355
999    ^aประนอม เกษจรัล
รายการนี้ยังไม่มีแท็ก
คุณยังไม่ได้ล็อกอิน คุณสามารถมีกิจกรรมร่วมกับเว็บไซต์ได้ แต่ต้องล็อกอินก่อน ::
  ล็อกอิน

รายการสื่อสารสนเทศ

ลำดับที่ ประเภท เลขเรียก/บาร์โค้ด สถานที่ สถานะ
1. นวนิยาย
นวนิยาย
นว. ช499ห ฉ.1 
  Barcode: 006355
ห้องสมุดวิทยาเขตนครสวรรค์
►นวนิยาย:l:Fiction
บนชั้น

รายการใกล้เคียง
    ผู้แต่ง [ชาณา,]

BibComment


ยังไม่เคยถูกคอมเมนท์

คอมเมนท์ทรัพยากรรายการนี้
  คอมเมนท์: หัวใจปีศาจ ชาณา


 Copyright 2026. Bcnsprnw @Library